Visualizzazione normale
Vista MARC
- Gherassimov Sergej
di Personal Name
Records bibliografici associati: 1
001 - CONTROL NUMBER
- control field: 48917
003 - CONTROL NUMBER IDENTIFIER
- control field: IT-RoPau
005 - DATE AND TIME OF LATEST TRANSACTION
- control field: 20151201215837.0
008 - FIXED-LENGTH DATA ELEMENTS
- fixed length control field: 151201|| aca||aabn | a|a d
040 ## - CATALOGING SOURCE
- Original cataloging agency: IT-RoPau
- Transcribing agency: IT-RoPau
100 ## - HEADING--PERSONAL NAME
- Personal name: Gherassimov Sergej
- Miscellaneous information: Codice regista SPICS: 485
670 ## - SOURCE DATA FOUND
- Source citation: Work cat.: (IT-RoPau)106818: Gherassimov Sergej Codice regista SPICS: 485, GIOVANE GUARDIA (LA) GIOVANE GUARDIA (LA) (Rif. Codice opera principale : 21543)